000 01533nam a2200337 a 4500
999 _c156873
_d156873
003 BLK
005 20240315005329.0
008 180410b bul|||||r ||||||| ||bul||
010 _aKNG00163720000
040 _aBLK
041 _aBUL
_cBUL
080 _aМеждународни политически отношения. Световна политика. Международна политика. Дипломация
_b327
_x(100-773)
_z327(100-773)
100 1 _aФилева, Петранка Димитрова
_eпърви автор
_9366071
139 _aФилева, Петранка Димитрова
_bФ 49
245 1 0 _aНеобвързаността в системата на международните отношения
_bИзследване
_cПетранка Димитрова Филева.
257 _aBGR
260 _aСофия
_bУнив. изд. Св. Климент Охридски
_c1992
300 _a208 с.
_c20 см
380 _a3
650 0 _aМеждународни отношения
_9245477
653 _aмеждународни отношения
653 _aразвиващи се страни
653 _aвъншна политика
852 _aЦб 172849
_bЦб
856 4 _qpdf
_i0.00
_ldisable
856 4 _qpdf
_i0.00
_ldisable
942 _cKNG
_n0
_s1
944 _aCR
_c25.07.2014
_lCRON CRON
_k
944 _aED
_c25.07.2014
_l25.07.2014 - от С1,Р / 25.07.2014
999 _d156873